00614nam a2200181 a 450000100100000000500170001000800410002704000130006808200180008110000210009924500560012026000740017630000240025050000340027450400410030865000460034965000370039500000625920200929153916.0090827s1960 dr a 000 0 spa d aDO-SdBNP a346.07bT273p1 aTellado, Antonio10aPráctica de derecho comercial /cAntonio Tellado. aCiudad Trujillo, República Dominicana :bEditora del Caribe,c1960. av. :bil. ;c23 cm. aLa biblioteca posee el tomo 1 aIncluye bibliografía: (p. 291-292) 4aDerecho comercialzRepública Dominicana 4aDerecho comercialxLegislación